ბათუმის შოთა რუსთაველის სახელმწიფო უნივერსიტეტის ბიბლიოთეკა

Crack the Core Exam : (ბიბ.ჩანაწერი № 57559)

000 -LEADER
fixed length control field 00564nam a22001817a 4500
005 - DATE AND TIME OF LATEST TRANSACTION
control field 20221105210757.0
008 - FIXED-LENGTH DATA ELEMENTS--GENERAL INFORMATION
fixed length control field 200728s20182019enk||||| |||| 00| 0 eng d
020 ## - INTERNATIONAL STANDARD BOOK NUMBER
International Standard Book Number 9781730851285 1
041 ## - LANGUAGE CODE
Language code of text/sound track or separate title eng
080 ## - UNIVERSAL DECIMAL CLASSIFICATION NUMBER
Universal Decimal Classification number 615.84+616.1 L-66
100 ## - MAIN ENTRY--PERSONAL NAME
Personal name Lionhart, Prometheus M.D.
9 (RLIN) 9073
245 ## - TITLE STATEMENT
Title Crack the Core Exam :
Remainder of title Volume 2 /
Statement of responsibility, etc. Prometheus Lionhart M.D.
264 ## - PRODUCTION, PUBLICATION, DISTRIBUTION, MANUFACTURE, AND COPYRIGHT NOTICE
Place of production, publication, distribution, manufacture Coppel:
Name of producer, publisher, distributor, manufacturer Independently published,
Date of production, publication, distribution, manufacture, or copyright notice 2018-2019.
300 ## - PHYSICAL DESCRIPTION
Extent 516 p.
Other physical details 30 cm.
Dimensions ill.
653 ## - INDEX TERM--UNCONTROLLED
keyword რადიოლოგია
653 ## - INDEX TERM--UNCONTROLLED
keyword მედიცინა
942 ## - ADDED ENTRY ELEMENTS (KOHA)
Source of classification or shelving scheme
Koha item type წიგნი
ეგზემპლარები
Withdrawn status Lost status Source of classification or shelving scheme Damaged status Not for loan Permanent Location Current Location Shelving location Date acquired Cost, normal purchase price Full call number Barcode Date last seen Copy number Price effective from Koha item type Public note
          ბათუმის შოთა რუსთაველის სახელმწიფო უნივერსიტეტის მთავარი ბიბლიოთეკა ბათუმის შოთა რუსთაველის სახელმწიფო უნივერსიტეტის მთავარი ბიბლიოთეკა წიგნსაცავი 2020-07-28 213.00 615.84+616.1 L-66 60747 2020-07-28 60747 2020-07-28 წიგნი 213 ლ.